|
|
|
|
| LEADER |
00000nam a2200000 a 4500 |
| 001 |
UCN8173 |
| 003 |
CL-VaPUC |
| 008 |
011109e20010800CL |||||||||||||||||spa|d |
| 082 |
0 |
4 |
|a 155.3
|b WEI
|2 21
|
| 100 |
0 |
|
|a Weinstein, Eugenia
|e author
|9 464380
|
| 245 |
1 |
3 |
|a El amor al desnudo
|
| 300 |
|
|
|a 161 p
|
| 942 |
|
|
|c BK
|
| 945 |
|
|
|d 20011109 00:00:00
|a vberengu
|
| 260 |
|
|
|a Santiago
|b Aguilar
|c 2001
|
| 650 |
|
7 |
|a PAREJAS - ASPECTOS PSICOLOGICOS
|2 CL-VaPUC
|9 322031
|
| 650 |
|
0 |
|a Relaciones humanas
|9 307340
|
| 650 |
|
0 |
|a Relaciones interpersonales
|9 307056
|
| 650 |
|
0 |
|a Comunicación interpersonal
|9 307498
|
| 650 |
|
0 |
|a Hombres
|9 318163
|
| 650 |
|
0 |
|a Mujeres
|9 257649
|
| 650 |
|
0 |
|a Amor
|9 257817
|
| 583 |
|
|
|a last modification
|c 20011109 00:00:00
|k Rodrigo Vera
|
| 999 |
|
|
|c 298205
|d 298203
|
| 952 |
|
|
|0 0
|1 0
|4 0
|6 155_300000000000000_WEI_2001
|7 0
|8 A
|9 353605
|a BIBEDU
|b BIBEDU
|d 2019-11-21
|i 3771350
|o 155.3 WEI 2001
|p 3771350
|r 2019-11-21
|w 2019-11-21
|y BK
|k CUE
|